| 000 | 00711nam a2200241Ia 4500 | ||
|---|---|---|---|
| 003 | OSt | ||
| 005 | 20220918181427.0 | ||
| 006 | a|||||r|||| 00| 0 | ||
| 007 | ta | ||
| 008 | 220917b |||||||| |||| 00| 0 eng d | ||
| 024 | _a27,166 | ||
| 037 | _cTextual | ||
| 040 |
_aARTS _cARTS _beng |
||
| 041 |
_2eng _aeng |
||
| 082 | _aO111,1M65x, L1.1 | ||
| 100 | _aYeats William Butler | ||
| 245 | 0 | _aManuscripts ed and comp by Micheal J Sidnell etc | |
| 260 |
_aAmherst _bUniv Of Massachustts Press _c1971 |
||
| 490 | _aManuscripts of W B Yeats ed by Davi R Clark | ||
| 650 | _aENGLISH LITERATURE | ||
| 942 |
_hO111,1M65x, L1.1 _cTEXL _2CC |
||
| 999 |
_c165650 _d165650 |
||